[Event "Acropolis Open"]
[Site "Athens GRE"]
[Date "2007.08.20"]
[Round "7"]
[White "Makka,I"]
[Black "Delithanasis,D"]
[Result "1/2-1/2"]
[WhiteElo "2187"]
[BlackElo "2217"]

1.e4 g6 2.d4 Bg7 3.Nc3 d5 4.exd5 Nf6 5.Bc4 Nbd7 6.Bb3 O-O 7.Nge2 Nb6 8.Nf4 Bf5
9.Qe2 Qd7 10.h3 h5 11.Be3 c6 12.dxc6 bxc6 13.O-O a5 14.a4 Nbd5 15.Nfxd5 cxd5
16.Bf4 Be6 17.Be5 Ne8 18.Bxg7 Nxg7 19.Qe5 Rfd8 20.Nb5 Rac8 21.Rad1 Nf5 22.Rd3 Qb7
23.Rfd1 h4 24.Qe1 Qb6 25.Rc3 Rxc3 26.Qxc3 Nd6 27.Qc7 Rb8 28.Qxb6 Rxb6 29.Nxd6 Rxd6
30.Rd3 Rb6 31.Kf1 Bd7 32.Rc3 e6 33.Rc7 Be8 34.Ra7 Rb4 35.Rxa5 Kg7 36.Ra8 Bc6
37.Ra6 Bb7 38.Ra7 Bc6 39.Rc7 Bxa4 40.Bxa4 Rxa4 41.c3 Ra2 42.Rb7 g5 43.Ke2 Kg6
44.Rb6 Kf5 45.Kf3 Ra1 46.Rb5 Kg6 47.Rb6 Re1 48.g3 hxg3 49.Kxg3 f5 50.b3 f4+
51.Kg2 Kf5 52.Kf3 Rh1 53.Kg2 Rc1 54.Rc6 g4 55.hxg4+ Kxg4 56.Rxe6 f3+ 57.Kh2 Rxc3
58.Re5  1/2-1/2

[Event "ch-Euro IBCA"]
[Site "Durham ENG"]
[Date "2007.08.22"]
[Round "8"]
[White "Migala,A"]
[Black "Rosikhin,I"]
[Result "0-1"]
[WhiteElo "2102"]
[BlackElo "2101"]

1.e4 g6 2.d4 Bg7 3.Nc3 c5 4.Nge2 Qa5 5.dxc5 Nf6 6.e5 Ng4 7.f4 Qxc5 8.Ne4 Qb6
9.N2c3 Ne3 10.Qd3 Nxf1 11.Rxf1 Nc6 12.Nd5 Qd8 13.Bd2 O-O 14.Bc3 Rb8 15.O-O-O b5
16.Qd2 a5 17.a3 b4 18.axb4 axb4 19.Bxb4 Nxb4 20.Nxb4 Qa5 21.c3 Bb7 22.Qe2 Rfc8
23.Kd2 d6 24.exd6 Bxe4 25.Qxe4 exd6 26.Ra1 Qc5 27.Qe3 Qc4 28.Ra3 Qxf1  0-1

[Event "Dato Arthur Tan Malaysian Op"]
[Site "Kuala Lumpur MAS"]
[Date "2007.08.22"]
[Round "5"]
[White "Tindall,B"]
[Black "Bennett,H"]
[Result "1-0"]
[WhiteElo "2258"]
[BlackElo "2132"]

1.e4 g6 2.d4 Bg7 3.Nc3 d5 4.exd5 Nf6 5.Bc4 Nbd7 6.Nf3 Nb6 7.Be2 Nbxd5 8.Nxd5 Nxd5
9.c4 Nf6 10.O-O O-O 11.Re1 c6 12.Be3 Bg4 13.h3 Bxf3 14.Bxf3 e6 15.Qd2 Qc7
16.Bf4 Qd7 17.Rad1 Rfd8 18.Bg5 Qc7 19.Bf4 Qd7 20.b3 Rac8 21.Qc1 Qe7 22.Bg5 Qc7
23.Bf4 Qe7 24.Qe3 Qa3 25.Bg5 Rd7 26.Rd2 Qf8 27.Qf4 Ne8 28.Qe3 Nf6 29.Red1 h6
30.Bh4 Rcd8 31.Bg3 a6 32.Be5 Kh7 33.Qc3 Ne8 34.Qe3 Nf6 35.Qf4 Qe7 36.g4 Ne8
37.Kg2 f6 38.Bb8 e5 39.dxe5 Rxd2 40.exf6 Rxf2+ 41.Kxf2 Bxf6 42.Rxd8 Qxd8
43.Be5 Qe7 44.Bxf6 Nxf6 45.Qd4 Qe6 46.c5 Nd5 47.Bxd5 cxd5 48.Qf4 Kg7 49.Qc7+ Qf7+
50.Qxf7+ Kxf7 51.Ke3 Kf6 52.Kd4 Kg5 53.Kxd5 Kh4 54.Kd6 Kxh3 55.Kc7 Kxg4 56.Kxb7 h5
57.c6 h4 58.c7 h3 59.c8=Q+ Kg3 60.Qc3+ Kg2 61.Qc2+ Kh1 62.Qxg6 h2 63.Qg3 a5
64.Qf2  1-0

[Event "TCh-ESP CECLUB Sur Div 1"]
[Site "Burguillos ESP"]
[Date "2007.08.23"]
[Round "3"]
[White "Andres Gonzalez,I"]
[Black "Arizmendi Martinez,J"]
[Result "1/2-1/2"]
[WhiteElo "2392"]
[BlackElo "2522"]

1.e4 g6 2.d4 Bg7 3.Nc3 a6 4.f4 b5 5.Nf3 Bb7 6.Bd3 Nc6 7.d5 Nd4 8.Be3 c5 9.dxc6 Nxf3+
10.Qxf3 Bxc6 11.O-O Nf6 12.Rad1 O-O 13.a3 Qb8 14.Qe2 d6 15.Bd2 Nd7 16.Rde1 Nc5
17.Nd1 a5 18.Bc3 Bxc3 19.Nxc3 b4 20.Nd5 Bxd5 21.exd5 bxa3 22.bxa3 Nxd3 23.Qxd3 Qc7
24.Rf2 Rac8 25.f5 Qc3 26.Qxc3 Rxc3 27.Rxe7 Rxa3 28.Rd7 Ra1+ 29.Rf1 Rxf1+
30.Kxf1 Ra8 31.Rxd6 a4 32.Rb6 a3 33.Rb1 gxf5 34.c4 a2 35.Ra1 Kf8 36.c5 Ke7
37.Ke2 Ra5 38.Kd3 Rxc5 39.Rxa2 Rxd5+ 40.Ke3 Rd6 41.Kf3 Kf6 42.Ra3 h5 43.Ra8 Rd3+
44.Kf4 Rd4+ 45.Kf3 h4 46.Rb8 Rd3+ 47.Kf4 Rd4+ 48.Kf3 Ra4 49.Rb7 Ra3+ 50.Kf4 Ra4+
51.Kf3 Ra3+ 52.Kf4 h3 53.Rb6+ Kg7 54.gxh3 Rxh3 55.Kxf5 Rxh2 56.Rb7 Rh5+ 57.Kg4 Ra5
58.Rb6 f6 59.Kf4 Kg6 60.Kg4 Ra4+ 61.Kf3 Kg5 62.Rb5+ f5 63.Rb3 Rh4 64.Kg3 Rc4
65.Ra3 Rg4+ 66.Kf3 Rf4+ 67.Kg3 Rf1 68.Ra8 Rg1+ 69.Kf3 Rf1+ 70.Kg3 Rg1+ 71.Kf3  1/2-1/2

[Event "TCh-ESP CECLUB Sur Div 1"]
[Site "Burguillos ESP"]
[Date "2007.08.24"]
[Round "4"]
[White "Onate Mendez,E"]
[Black "Valmana Canto,J"]
[Result "0-1"]
[WhiteElo "2191"]
[BlackElo "2346"]

1.d4 g6 2.e4 Bg7 3.Nc3 a6 4.Be3 b5 5.Qd2 Bb7 6.f3 d6 7.h4 Nd7 8.h5 c5 9.Nge2 Nb6
10.Ng3 cxd4 11.Bxd4 e5 12.Be3 Ne7 13.Qf2 Na4 14.Nxa4 bxa4 15.Rd1 Rc8 16.Qd2 f5
17.exf5 gxf5 18.Bg5 O-O 19.Qxd6 Qxd6 20.Rxd6 Nd5 21.c4 Nf4 22.h6 Bh8 23.Nh5 Nxh5
24.Rxh5 e4 25.f4 Bxb2 26.Be2 Rc6 27.Rxc6 Bxc6 28.c5 Kf7 29.Bh4 Ke6 30.Bxa6 Kd5
31.g4 Be8 32.Bb7+ Kxc5 33.Be7+ Kb6 34.Bxf8 Bxh5 35.Bxe4 fxe4 36.gxh5 Kc6
37.Bg7 Bc1 38.Be5 Kd5 39.Kd1 Be3 40.Ke2 Bc1 41.Kd1 Be3 42.Ke2 Bc5 43.Bg7 Ke6
44.Bb2 Kf5 45.Be5 Bf8 46.Bg7 Bd6  0-1

[Event "IX Sants Open"]
[Site "Barcelona ESP"]
[Date "2007.08.25"]
[Round "2"]
[White "Bromberger,S"]
[Black "Dickl,E"]
[Result "1-0"]
[WhiteElo "2500"]
[BlackElo "2173"]

1.d4 g6 2.e4 Bg7 3.Nc3 c5 4.d5 d6 5.Bf4 a6 6.a4 f5 7.exf5 Bxf5 8.Bd3 Bxd3
9.Qxd3 Nh6 10.Nf3 Nf7 11.h4 Qc8 12.h5 Qg4 13.Rh4 Qxg2 14.Bg3 Ne5 15.Bxe5 dxe5
16.Ke2 g5 17.Rh2 Qg4 18.Rg1 c4 19.Qe3 Qf5 20.Nxg5 Qxc2+ 21.Kf1 Bh6 22.Qb6 Bxg5
23.Qxb7 Qd3+ 24.Kg2 O-O 25.d6 Nd7 26.dxe7 Bxe7 27.Kh1+ Kh8 28.Rd1 Qf3+ 29.Qxf3 Rxf3
30.Rxd7 Bc5 31.Ne4 Bd4 32.Ng5 Rf5 33.Rg2 Raf8 34.h6 Rxf2 35.Rxf2 Rxf2 36.Rxh7+ Kg8
37.Rg7+  1-0

[Event "15th Open"]
[Site "Nikea GRE"]
[Date "2007.08.25"]
[Round "3"]
[White "Kostas,P"]
[Black "Kourousis,E"]
[Result "1-0"]
[WhiteElo "1885"]
[BlackElo "2076"]

1.d4 g6 2.e4 Bg7 3.Nc3 c5 4.d5 d6 5.Bf4 Nf6 6.Be2 Qb6 7.Nf3 Qxb2 8.Nb5 Nxe4
9.Rb1 Qxa2 10.O-O Qa5 11.Bd3 f5 12.Re1 O-O 13.Bxe4 fxe4 14.Rxe4 a6 15.Nxd6 exd6
16.Bxd6 Rd8 17.Qe2 Nd7 18.Re7 Nf8 19.Rxg7+ Kxg7 20.Qe7+ Kg8 21.Ng5 Be6 22.dxe6 Rxd6
23.Qf7+ Kh8 24.e7  1-0

[Event "XV Open"]
[Site "Albacete ESP"]
[Date "2007.09.02"]
[Round "1"]
[White "Perez Mitjans,O"]
[Black "Pimienta Sanchez,M"]
[Result "1-0"]
[WhiteElo "2412"]
[BlackElo "1890"]

1.e4 g6 2.d4 Bg7 3.Nc3 c5 4.Nf3 cxd4 5.Nxd4 Nc6 6.Be3 d6 7.Bc4 Nf6 8.f3 Bd7
9.Qd2 Nxd4 10.Bxd4 Qc7 11.Bb3 b5 12.Nd5 Qd8 13.g4 e5 14.Be3 Nxd5 15.Bxd5 Rc8
16.O-O-O Qc7 17.Bb3 a5 18.Qxd6 Qxd6 19.Rxd6 a4 20.Bxf7+ Ke7 21.Rhd1 Bc6 22.Be6  1-0

[Event "XV Open"]
[Site "Albacete ESP"]
[Date "2007.09.05"]
[Round "6"]
[White "Cabello Rodriguez,S"]
[Black "Jimenez Martinez,Jo"]
[Result "1/2-1/2"]
[WhiteElo "2105"]
[BlackElo "2207"]

1.d4 g6 2.e4 Bg7 3.Nc3 a6 4.a4 b6 5.Be3 Bb7 6.Qd2 d6 7.Bc4 Nd7 8.f3 c5 9.Nge2 Qc7
10.Bd5 e6 11.Bxb7 Qxb7 12.O-O Ngf6 13.Rfd1 O-O  1/2-1/2

[Event "XV Open"]
[Site "Albacete ESP"]
[Date "2007.09.06"]
[Round "8"]
[White "Garcia Moreno,C"]
[Black "Jimenez Martinez,Jo"]
[Result "1-0"]
[WhiteElo "2118"]
[BlackElo "2207"]

1.e4 g6 2.d4 Bg7 3.Nc3 a6 4.f4 b5 5.Nf3 Bb7 6.Bd3 d6 7.O-O Nf6 8.e5 Nfd7
9.Ne4 O-O 10.Be3 c5 11.c3 c4 12.Bc2 Nb6 13.Qe2 Nd5 14.Bd2 f5 15.exf6 exf6
16.f5 g5 17.Qf2 h6 18.Qg3 Qd7 19.Qxd6 Qxd6 20.Nxd6 Bc6 21.b3 Rd8 22.bxc4 Rxd6
23.cxd5 Bxd5 24.Bb3 Nc6 25.Bc1 Na5 26.Nd2 Rc8 27.Ba3 Rdd8 28.Bb4 Nc6 29.Bc5 Bf8
30.Ne4 Bxc5 31.Bxd5+ Rxd5 32.Nxf6+ Kf7 33.Nxd5 Nxd4 34.cxd4 Bxd4+ 35.Kh1 Bxa1
36.Rxa1 Rc5 37.Ne3 Rc3 38.Re1 a5 39.h3 b4 40.f6 Ra3 41.Ng4 Rxa2 42.Re7+ Kf8
43.Ne5  1-0

[Event "FSIM September"]
[Site "Budapest HUN"]
[Date "2007.09.06"]
[Round "6"]
[White "Ismail,S"]
[Black "Paschall,W"]
[Result "1-0"]
[WhiteElo "2178"]
[BlackElo "2353"]

1.d4 g6 2.e4 Bg7 3.Nc3 c5 4.d5 d6 5.Bb5+ Bd7 6.Bxd7+ Nxd7 7.Nf3 Ngf6 8.O-O O-O
9.a4 b6 10.h3 Qc7 11.Bf4 Qb7 12.Qe2 Rfe8 13.Rad1 Rad8 14.Rd2 a6 15.Re1 Nh5
16.Bh2 Ne5 17.Nxe5 Bxe5 18.Bxe5 dxe5 19.g3 Rd6 20.Qe3 Qc8 21.Kh2 Nf6 22.f4 exf4
23.Qxf4 e5 24.Qg5 Kg7 25.Rf2 h6 26.Qe3 Rf8 27.Ref1 Ne8 28.Rf3 Rd8 29.Nd1 f6
30.Nf2 Qc7 31.Ng4 g5 32.h4 Qe7 33.hxg5 hxg5 34.Kg2 Rd6 35.Qf2 Rh8 36.Ne3 Kg6
37.Rh1 Rxh1 38.Kxh1 Rd8 39.Ng4 Rd6 40.Kg1 Qd7 41.Rxf6+ Kh5 42.Nxe5 Rxf6 43.Qh2+  1-0

[Event "4th LGA Premium Cup"]
[Site "Nuernberg GER"]
[Date "2007.09.08"]
[Round "4"]
[White "Baramidze,D"]
[Black "Troyke,C"]
[Result "1-0"]
[WhiteElo "2569"]
[BlackElo "2386"]

1.e4 g6 2.d4 Bg7 3.Nc3 d5 4.exd5 Nf6 5.Bb5+ Nbd7 6.Bg5 O-O 7.Bxd7 Qxd7 8.Qf3 Rb8
9.Nge2 b5 10.Bxf6 Bxf6 11.Ne4 Bg7 12.O-O-O Re8 13.Nf4 Qg4 14.Qe3 Bh6 15.g3 Bb7
16.f3 Qf5 17.Kb1 Bxf4 18.gxf4 Qxd5 19.h4 c5 20.h5 cxd4 21.Qf2 Qf5 22.hxg6 fxg6
23.Qh4 Bxe4 24.Qxh7+ Kf8 25.fxe4 Qf7 26.Qh8+ Qg8 27.Rxd4  1-0

[Event "4th LGA Premium Cup"]
[Site "Nuernberg GER"]
[Date "2007.09.09"]
[Round "7"]
[White "Justen,D"]
[Black "Troyke,C"]
[Result "1/2-1/2"]
[WhiteElo "2138"]
[BlackElo "2386"]

1.d4 g6 2.e4 Bg7 3.Nc3 d5 4.exd5 Nf6 5.Bc4 Nbd7 6.Nf3 O-O 7.O-O Nb6 8.Bb3 a5
9.a3 a4 10.Ba2 Nbxd5 11.Nxd5 Nxd5 12.c4 Nb6 13.h3 c6 14.Qe2 Be6  1/2-1/2

[Event "3rd Geller mem Open A"]
[Site "Odessa UKR"]
[Date "2007.09.09"]
[Round "2"]
[White "Alexikov,A"]
[Black "Chernyshov,K"]
[Result "0-1"]
[WhiteElo "2432"]
[BlackElo "2570"]

1.e4 g6 2.d4 Bg7 3.Nc3 a6 4.Be3 b5 5.Qd2 Bb7 6.f3 d6 7.a4 c6 8.h4 h5 9.Nh3 Nd7
10.Nf2 b4 11.Ncd1 a5 12.Rc1 Ngf6 13.Be2 O-O 14.g4 e5 15.g5 Ne8 16.c3 bxc3
17.bxc3 Ba6 18.f4 Bxe2 19.Qxe2 exf4 20.Bxf4 Nb6 21.Rb1 d5 22.Rh3 Ra7 23.Qb2 Nc4
24.Qb8 Qd7 25.Qb3 Ned6 26.Bxd6 Nxd6 27.e5 Re8 28.Ne3 Rb7 29.Qc2 Rxb1+ 30.Qxb1 Ne4
31.Rf3 Nxc3 32.Qb6 Nxa4 33.Qxa5 c5 34.Nxd5 Qxd5 35.Qxa4 Re6 36.Qb3 Qxd4 37.Qb8+ Bf8
38.Rd3 Qxe5+ 39.Qxe5 Rxe5+  0-1

[Event "3rd Geller mem Open A"]
[Site "Odessa UKR"]
[Date "2007.09.15"]
[Round "8"]
[White "Smirnov,I UKR"]
[Black "Firman,N"]
[Result "1/2-1/2"]
[WhiteElo "2423"]
[BlackElo "2517"]

1.e4 g6 2.d4 Bg7 3.Nc3 a6 4.f4 b5 5.Nf3 Bb7 6.Bd3 d6 7.e5 c5 8.dxc5 dxe5
9.fxe5 Qc8 10.Qe2 Nd7 11.e6 fxe6 12.Be4 Bxc3+ 13.bxc3 Bxe4 14.Qxe4 Ngf6 15.Qxe6 Qxc5
16.Bd2 Rc8 17.Nd4 Qc4 18.Rf1 Qxe6+ 19.Nxe6 Rc6 20.Nd4 Rc4 21.O-O-O O-O 22.Rde1 e5
23.Nf3 e4 24.Ng5 Re8 25.Be3 Rxc3 26.Bd4 Rc6 27.Rf4 h6 28.Bxf6 Nxf6 29.Nxe4 Kg7
30.Kd2 Nd5 31.Rff1 Rec8 32.c3 Rd8 33.Kc2 b4 34.c4 Rxc4+ 35.Kb3 Nb6 36.Nd6 Rc3+
37.Kb2 Kg8 38.Re6 Rc6 39.Rxg6+ Kh7 40.Rff6 Rcxd6 41.Rxh6+ Kg7 42.Rhg6+  1/2-1/2

[Event "4NCL"]
[Site "Sunningdale ENG"]
[Date "2007.09.15"]
[Round "1"]
[White "Buckley,G"]
[Black "Tiller,B"]
[Result "1/2-1/2"]
[WhiteElo "2390"]
[BlackElo "2377"]

1.d4 g6 2.e4 Bg7 3.Nc3 a6 4.Be3 d6 5.f4 b5 6.Bd3 Nd7 7.Nf3 c5 8.e5 Bb7 9.Be4 Qc7
10.Ng5 Bxe4 11.Ncxe4 h6 12.exd6 exd6 13.dxc5 hxg5 14.Qd5 O-O-O 15.O-O-O Kb8
16.fxg5 Ne5 17.cxd6 Qc4 18.Bb6 Rc8 19.Bc7+ Rxc7 20.dxc7+ Qxc7 21.Nc5 Ka7
22.Qd6 Qxd6 23.Rxd6 Ne7 24.Rxa6+ Kb8 25.Rb6+ Kc7 26.Rxb5 Kc6 27.a4 Nf5 28.Ne4 Rh4
29.Rc5+ Kb7 30.Re1 Rxh2 31.Nf6 Bxf6 32.gxf6 Nd7 33.Rb5+ Kc6 34.Rb4 Rxg2 35.a5 Rh2
36.a6 Rh8 37.Kd2 Ra8 38.Ra1 Nd6 39.c4 Ra7 40.Kc3 Nc5 41.Rb8 Rxa6 42.Rxa6+ Nxa6
43.Ra8 Nc7 44.Ra1 Ne4+ 45.Kb4 g5 46.Rg1 Ne6 47.Ka5 Kc5 48.Rc1 g4 49.b4+ Kc6
50.Ka6 g3 51.Ka7 g2 52.b5+ Kc5 53.b6 Nxf6 54.b7 Nd7 55.Rg1 Nf4 56.b8=Q Nxb8
57.Kxb8 Kxc4 58.Kc7 Kd4 59.Kd6 Ke4 60.Ke7 f5 61.Kf7 Kf3 62.Kf6 Kg4 63.Kf7 Kg5
64.Kg7  1/2-1/2

[Event "17th ch-EU U16 Boys"]
[Site "Sibenik CRO"]
[Date "2007.09.18"]
[Round "5"]
[White "Jorczik,J"]
[Black "Yilmazyerli,M"]
[Result "1-0"]
[WhiteElo "2333"]
[BlackElo "2071"]

1.d4 g6 2.e4 Bg7 3.Nc3 c5 4.d5 d6 5.Be2 Nf6 6.Nf3 O-O 7.Nd2 Nbd7 8.O-O Ne8
9.Nc4 Nc7 10.a4 Rb8 11.f4 b6 12.Nb5 Ra8 13.Qe1 a6 14.Nc3 Rb8 15.Qh4 f5 16.e5 dxe5
17.fxe5 Nxe5 18.Bg5 Qd7 19.Bxe7 Re8 20.d6 Ne6 21.Nxe5 Bxe5 22.Nd5 Bb7 23.Nf6+ Bxf6
24.Qxf6 Rxe7 25.dxe7 Qd4+ 26.Qxd4 Nxd4 27.Bc4+ Kg7 28.c3 Nc2 29.Rac1 Be4
30.Kf2 f4 31.g3 Ne3 32.Rfe1 g5 33.gxf4 gxf4 34.Bxa6 Re8 35.Rg1+ Kf6 36.Be2 Rxe7
37.Bf3 Bf5 38.b4 Rd7 39.bxc5 bxc5 40.Rce1 Rd3 41.a5 Rd6 42.Rg8 Be6 43.Rf8+ Ke5
44.Be2 c4 45.Rh8 Rd2 46.Rxh7 Ra2 47.Kg1 Bd5 48.h4 Kf6 49.Ra7 Nf5 50.Ra6+ Kg7
51.Rd1 Bf7 52.Bf3 Nxh4 53.Bd5 Bh5 54.Rb1 Bg6 55.Rf1 Rd2 56.Rxf4 Rd1+ 57.Kf2 Rxd5
58.Rxh4 Rd2+ 59.Ke1 Rg2 60.Rxc4  1-0

[Event "17th Senior WCh"]
[Site "Gmunden AUT"]
[Date "2007.09.23"]
[Round "6"]
[White "Klovans,J"]
[Black "Malisov,B"]
[Result "1-0"]
[WhiteElo "2446"]
[BlackElo "2324"]

1.e4 g6 2.d4 Bg7 3.Nc3 c5 4.Nf3 Qa5 5.Be2 Nc6 6.d5 Nd4 7.O-O d6 8.Nxd4 Bxd4
9.Nb5 Bg7 10.Bd2 Qd8 11.Bc3 f6 12.a4 Nh6 13.Na3 O-O 14.Nc4 b6 15.Qd2 Ba6
16.Ne3 Bxe2 17.Qxe2 Qd7 18.Rfe1 a6 19.Nc4 Rab8 20.b3 Qg4 21.Qd3 Nf7 22.Ne3 Qc8
23.f4 Rd8 24.Nc4 Qg4 25.Rf1 Qd7 26.h3 e5 27.dxe6 Qxe6 28.f5 Qe7 29.Ne3 Re8
30.fxg6 hxg6 31.Nd5 Qxe4 32.Qxe4 Rxe4 33.Nxf6+ Bxf6 34.Rxf6 g5 35.Raf1 Rf4
36.R1xf4 gxf4 37.Rxf4 d5 38.Rf6 d4 39.Bd2 Kg7 40.Re6 Nd8 41.Rd6 Nf7 42.Rc6 Nd8
43.Rc7+ Kf6 44.h4 Ne6 45.Ra7 a5 46.h5 c4 47.bxc4 Nc5 48.h6 Nxa4 49.g4 Rg8
50.g5+ Kg6 51.Bf4 Kf5 52.Rg7 Rh8 53.Rf7+ Ke6 54.g6 Rg8 55.Rg7 Rf8 56.h7 Nc3
57.Rg8  1-0

[Event "17th ch-EU U18 Boys"]
[Site "Sibenik CRO"]
[Date "2007.09.23"]
[Round "9"]
[White "Delorme,Ax"]
[Black "Brzeski,M"]
[Result "1-0"]
[WhiteElo "2317"]
[BlackElo "2356"]

1.e4 g6 2.d4 Bg7 3.Nc3 c5 4.dxc5 Qa5 5.Nf3 Nf6 6.Bd3 Qxc5 7.O-O O-O 8.Be3 Qa5
9.Nd4 Nc6 10.Nb3 Qd8 11.Be2 a5 12.a4 d6 13.f4 Be6 14.Bf3 Nb4 15.Nd4 Bc4 16.Rf2 e5
17.fxe5 dxe5 18.Ndb5 Qe7 19.Qd6 Qxd6 20.Nxd6 Ba6 21.Nd5 Rfd8 22.Nc7 Rab8
23.Ba7 Bf8 24.Bxb8 Rxb8 25.Nxa6 bxa6 26.Rd1 Rd8 27.Rfd2 Bh6 28.c3 Bxd2 29.Rxd2 Nc6
30.Nc4 Rxd2 31.Nxd2 Nd7 32.Nb3 Kf8 33.Be2 Ncb8 34.Bd3 Nb6 35.Nc5 N8d7 36.Nxd7+ Nxd7
37.Bxa6 Nc5 38.Bb5 Nxe4 39.Bc6 Nd6 40.b4 Ke7 41.Bd5 axb4 42.cxb4 Kd7 43.g4 h6
44.h4 g5 45.h5 f5 46.b5 Kc7 47.gxf5 Nxf5 48.a5 Ne3 49.b6+ Kb8 50.Be6 Kb7
51.Kf2 Nc2 52.Bd5+ Ka6 53.Bc4+ Kb7 54.Kf3 Ne1+ 55.Ke4 g4 56.Kxe5 g3 57.Bd5+ Ka6
58.Kf6 Nc2 59.b7  1-0

[Event "Open"]
[Site "Nelson NZL"]
[Date "2007.10.06"]
[Round "7"]
[White "Burns,C"]
[Black "Bennett,H"]
[Result "1-0"]
[WhiteElo "2033"]
[BlackElo "2137"]

1.e4 g6 2.d4 Bg7 3.Nc3 d5 4.Nxd5 c6 5.Nc3 Qxd4 6.Bd3 e5 7.Be3 Qd8 8.Nge2 Nd7
9.Qd2 Ngf6 10.f3 Nb6 11.a4 Be6 12.b3 Qe7 13.a5 Nbd7 14.Nd1 Nc5 15.Nb2 Rd8
16.Qc3 b6 17.axb6 axb6 18.b4 Nxd3+ 19.Nxd3 Qb7 20.Nxe5 Nd7 21.f4 Nxe5 22.fxe5 O-O
23.O-O Qc7 24.Bg5 Bxe5 25.Bxd8 Rxd8 26.Qe3 Bc4 27.Rad1 Ra8 28.g3 Ra4 29.Rd2 Rxb4
30.Rfd1 Be6 31.Nf4 Bg4 32.Rd8+ Kg7 33.R1d2 Bf6 34.R8d6 Be7 35.Qc3+  1-0

[Event "IV Amateur Open"]
[Site "Calvia ESP"]
[Date "2007.10.10"]
[Round "5"]
[White "Garcia Amoros,P"]
[Black "Loerke,R"]
[Result "1-0"]
[WhiteElo "2157"]
[BlackElo "1995"]

1.e4 g6 2.d4 Bg7 3.Nc3 c5 4.Nf3 cxd4 5.Nxd4 Qa5 6.Be3 Nc6 7.Qd2 Nf6 8.f3 O-O
9.O-O-O Ne8 10.h4 a6 11.Kb1 b5 12.Nxc6 dxc6 13.Nd5 Qxd2 14.Nxe7+ Kh8 15.Rxd2 Bb7
16.Rd7 Rb8 17.Bf4 Nf6 18.Rc7 Nh5 19.Bh2 Rbd8 20.Bd3 Ba8 21.Nxc6 Rc8 22.Rxc8 Rxc8
23.Na5 Bf6 24.g4 Ng7 25.g5 Bd8 26.Nb3 f6 27.gxf6 Bxf6 28.Bf4 Ne6 29.Be3 Bc6
30.f4 Ra8 31.Rh2 a5 32.e5 Be7 33.h5 g5 34.f5 a4 35.Nd4 Nxd4 36.Bxd4 g4 37.f6 g3
38.Rh3 Rg8 39.f7 Rg4 40.Rxg3 Rxg3 41.e6+  1-0

[Event "Lendas do Xadrez"]
[Site "Rio de Janeiro BRA"]
[Date "2007.10.14"]
[Round "6"]
[White "Teixeira,Ri"]
[Black "Mathow,H"]
[Result "1-0"]
[WhiteElo "2397"]
[BlackElo "2003"]

1.d4 g6 2.e4 Bg7 3.Nc3 c5 4.Nf3 cxd4 5.Nxd4 Nc6 6.Be3 Nf6 7.Qd2 Qa5 8.Nb3 Nxe4
9.Nxe4 Qxd2+ 10.Kxd2 Bxb2 11.Rb1 Ba3 12.Nd4 Nxd4 13.Bxd4 O-O 14.Rb3 d5 15.Nf6+ exf6
16.Rxa3 a6 17.Bxf6 Bf5 18.Bd3 Be6 19.Rb3 b5 20.Rb4 Rfc8 21.a4 Bf5 22.Bxf5 gxf5
23.axb5 a5 24.Ra4 Rc5 25.Rb1 Rac8 26.c3 Ra8 27.b6 Rb8 28.b7 Rc7 29.Rxa5 Rcxb7
30.Rxb7 Rxb7  1-0

[Event "TCh-ROU Superliga"]
[Site "Predeal ROU"]
[Date "2007.10.20"]
[Round "8"]
[White "Ocnarescu,V"]
[Black "Grecescu,G"]
[Result "1-0"]
[WhiteElo "2197"]
[BlackElo "2396"]

1.e4 g6 2.d4 Bg7 3.Nc3 c5 4.Nf3 cxd4 5.Nxd4 Nc6 6.Be3 Nf6 7.Bc4 Qa5 8.O-O O-O
9.Nb3 Qc7 10.f4 d6 11.Be2 a6 12.g4 e6 13.a4 Nd7 14.Qd2 Nc5 15.Bf3 b6 16.Nxc5 bxc5
17.e5 dxe5 18.Bxc5 Rd8 19.Qg2 Bb7 20.f5 Na5 21.Bf2 Bxf3 22.Qxf3 exf5 23.gxf5 Qc6
24.Ne4 Rac8 25.Bc5 Nc4 26.b4 Nd2 27.Nxd2 Rxd2 28.Qxc6 Rxc6 29.Rad1 Rxd1 30.Rxd1 h5
31.Rd8+ Kh7 32.Rd6 Rxd6 33.Bxd6 e4 34.b5 Bd4+ 35.Kf1 axb5 36.axb5 gxf5 37.Bc7 f4
38.Bxf4 Bb6 39.Ke2 Kg6 40.Be3 Bc7 41.h3 Kf5 42.c4 Bb8 43.c5 Ke6 44.c6 Be5
45.Ba7 Kd5 46.c7 Bxc7 47.b6 Be5 48.b7  1-0

[Event "FSIMA November"]
[Site "Budapest HUN"]
[Date "2007.11.04"]
[Round "2"]
[White "Lorand,N"]
[Black "Kahn,E"]
[Result "0-1"]
[WhiteElo "2166"]
[BlackElo "2314"]

1.e4 g6 2.d4 Bg7 3.Nc3 c5 4.Nf3 Qa5 5.Be3 cxd4 6.Nxd4 Nc6 7.Qd2 d6 8.f3 Be6
9.Nxe6 fxe6 10.Bc4 Bxc3 11.Qxc3 Qxc3+ 12.bxc3 Kd7 13.Rb1 b6 14.O-O Nf6 15.Bb5 Rac8
16.a4 Kd8 17.Rfd1 e5 18.Bg5 Kc7 19.Rb2 Rhf8 20.Rdb1 Kb7 21.Bc4 Na5 22.Be6 Rc7
23.Rb5 Ka6 24.Be3 Rb8 25.Bf2 Nd7 26.R1b4 Nc5 27.Bc4 Nxc4 28.Rxc4 Rbc8 29.Rbb4 Nd7
30.Rxc7 Rxc7 31.c4 Nc5 32.g4 Nb7 33.Bh4 Na5 34.Kf2 e6 35.Bd8 Rxc4 36.Rxc4 Nxc4
37.Kg3 Kb7 38.Kh4 Kc8 39.Bf6 Nd2 40.Kg5 Nxf3+ 41.Kh6 Nxh2 42.g5 Nf3 43.Kxh7 Nh4
44.Kg7 Kd7 45.Kf7 a6 46.c4 d5 47.cxd5 exd5 48.Bxe5 dxe4 49.Bd4 b5 50.axb5 axb5
51.Kf6 b4 52.Be3 b3  0-1

[Event "FSIMB November"]
[Site "Budapest HUN"]
[Date "2007.11.05"]
[Round "3"]
[White "Adams,N"]
[Black "Paschall,W"]
[Result "1-0"]
[WhiteElo "2220"]
[BlackElo "2352"]

1.d4 g6 2.e4 Bg7 3.Nc3 c5 4.d5 d6 5.Nf3 Nf6 6.Be2 O-O 7.O-O Na6 8.Nd2 Nc7
9.a4 b6 10.Nc4 Bb7 11.Bf4 Qd7 12.Qd2 Rad8 13.Rad1 Rfe8 14.Kh1 Qc8 15.h3 Ba8
16.Qe3 Qb7 17.Qg3 a6 18.Bf3 b5 19.axb5 axb5 20.Bxd6 exd6 21.Nxd6 Rxd6 22.Qxd6 b4
23.Na4 Nb5 24.Qxc5 Nxe4 25.Qxb4 Bf8 26.Qb3 Nbd6 27.Qxb7 Bxb7 28.Bxe4 Nxe4
29.c4 Bb4 30.Rd3 Ba6 31.b3 h5 32.Kg1 Rb8 33.Rfd1 Bc8 34.d6 Bd7 35.f3 Nxd6
36.Rxd6 Bxd6 37.Rxd6 Bxa4 38.bxa4 Rb4 39.c5 Rxa4 40.c6 Ra1+ 41.Kf2 Kg7 42.Ke3 g5
43.Kd4 g4 44.hxg4 hxg4 45.f4 Rg1 46.Rd7 Rxg2 47.Kc5 Rc2+ 48.Kb6 Rb2+ 49.Kc7 Rb4  1-0

[Event "WYb14"]
[Site "Kemer TUR"]
[Date "2007.11.21"]
[Round "4"]
[White "Iljiushenok,I"]
[Black "Meskovs,N"]
[Result "1-0"]
[WhiteElo "2157"]
[BlackElo "2088"]

1.e4 c5 2.Nc3 g6 3.d4 Bg7 4.dxc5 Qa5 5.Bd2 Qxc5 6.Nf3 Nf6 7.Bd3 O-O 8.O-O d5
9.e5 Ne8 10.Re1 Be6 11.Qe2 a6 12.Rad1 Nc6 13.h3 b5 14.a3 Qb6 15.Bf4 Nc7 16.Qd2 Rfd8
17.Bf1 Rac8 18.Ne2 Bf5 19.Ned4 Ne6 20.Nxf5 gxf5 21.Bh6 Na5 22.Bxg7 Nxg7  1-0

[Event "WYb18"]
[Site "Kemer TUR"]
[Date "2007.11.24"]
[Round "7"]
[White "Tologontegin,S"]
[Black "Hasanov,Shakhr"]
[Result "1-0"]
[WhiteElo "2320"]
[BlackElo "2247"]

1.d4 g6 2.e4 Bg7 3.Nc3 c5 4.Be3 Nc6 5.dxc5 Bxc3+ 6.bxc3 Qa5 7.Qd2 Nf6 8.Bd3 Ng4
9.Ne2 O-O 10.O-O Rd8 11.h3 Nxe3 12.Qxe3 d6 13.cxd6 Rxd6 14.f4 Be6 15.Rfb1 Qa3
16.Rxb7 Rad8 17.f5 Bxa2 18.Nc1 Qxc3 19.Rxa2 Nb4 20.Rxb4 Qxb4 21.Rxa7 Qb1
22.Rxe7 Ra8 23.e5 Rdd8 24.Kh2 Ra1 25.Ne2 Qh1+ 26.Kg3 Qe1+ 27.Qf2 Qb4 28.f6 h5
29.Kh2 h4 30.e6 Qb1 31.Ng1 Qb8+ 32.Kh1 Qg3 33.exf7+ Kf8 34.Qc5 Qd6 35.Qg5  1-0

[Event "KNSB TCh-NED 2007-8"]
[Site "Netherlands NED"]
[Date "2007.11.24"]
[Round "4"]
[White "Zagema,W"]
[Black "Martens,M"]
[Result "1-0"]
[WhiteElo "2304"]
[BlackElo "2409"]

1.e4 g6 2.d4 Bg7 3.Nc3 d5 4.Nxd5 c6 5.Nc3 Qxd4 6.Bd3 Nd7 7.Nf3 Qd6 8.Qe2 Nc5
9.Bc4 e5 10.Be3 Ne6 11.Rd1 Qe7 12.a4 f6 13.Qd2 g5 14.O-O Nh6 15.Nd5 cxd5
16.exd5 Nd8 17.d6 Qd7 18.h4 Nhf7 19.hxg5 O-O 20.gxf6 Bxf6 21.Bg5 Bg7 22.Bxd8 Qxd8
23.d7 Kh8 24.Bxf7 Rxf7 25.Ng5 Re7 26.dxc8=Q Qxc8 27.Qb4 Qe8 28.Ne4 a5 29.Qc5 Re6
30.Qd5 h6 31.b3 Rc6 32.c4 Qg6 33.Rd3 Rb6 34.Rg3 Qe6 35.Qd2 Qf5 36.Qe3 Rg6
37.Rxg6 Qxg6 38.Rd1 Qf5 39.Nd6 Qc2 40.Rd2 Qb1+ 41.Kh2 Rf8 42.Nxb7 Rf5 43.Rd8+ Kh7
44.Qe2 Kg6 45.Qg4+ Rg5 46.Qe6+ Bf6 47.Rg8+ Kh7 48.Rxg5 Bxg5 49.Qf7+ Kh8 50.c5 Bf4+
51.g3 Qc2 52.gxf4 Qxf2+ 53.Kh3 Qf3+ 54.Kh4 exf4 55.Qf8+ Kh7 56.Qf5+ Kh8 57.Nd6 Qg3+
58.Kh5 f3 59.Ne4 Qh2+ 60.Kg6 Qg2+ 61.Kxh6 Qh2+ 62.Qh5 Qf4+ 63.Kg6+ Kg8 64.Nf6+ Kf8
65.Qh8+  1-0

[Event "WYg16"]
[Site "Kemer TUR"]
[Date "2007.11.28"]
[Round "11"]
[White "Hattingh,A"]
[Black "Cunanan,K"]
[Result "1-0"]
[WhiteElo "1815"]
[BlackElo "1970"]

1.e4 g6 2.d4 Bg7 3.Nc3 c5 4.dxc5 Qa5 5.Bd2 Qxc5 6.Nd5 d6 7.Bb4 Qd4 8.Qxd4 Bxd4
9.Nc7+ Kd7 10.Nxa8 Bxb2 11.Rb1 Bd4 12.Nf3 Bg7 13.Bd3 Nc6 14.Bd2 Nh6 15.O-O Rf8
16.Rfd1 Ng4 17.Bb5 f5 18.exf5 gxf5 19.c4 Ne5 20.Nxe5+ Bxe5 21.c5 Rg8 22.cxd6 exd6
23.Bb4 Rg6 24.Rb3 Rg4 25.Ba3 h5 26.Rbd3 Rg6 27.Re1 Re6 28.Rxe5 Rxe5 29.Rxd6+ Ke8
30.Nc7+ Kf7 31.Bc4+ Be6 32.Rxe6  1-0

[Event "Parsvnath ch-Commonwealth"]
[Site "New Delhi IND"]
[Date "2007.12.09"]
[Round "9"]
[White "Girinath,P"]
[Black "Wajih,N"]
[Result "1/2-1/2"]
[WhiteElo "2448"]
[BlackElo "2285"]

1.e4 g6 2.d4 Bg7 3.Nc3 c5 4.Nge2 cxd4 5.Nxd4 Nc6 6.Nb3 Nf6 7.Be2 O-O 8.O-O d6
9.Re1 Be6 10.Bf1 a5 11.a4 Rc8 12.Nb5 Nd7 13.c3 Nce5 14.N3d4 Bc4  1/2-1/2